000 00437 a2200157 4500
005 20250403101556.0
020 _a0434 90887 8
082 _a519 GRE
100 _aGREENSTED, C. S.
245 _aEssentials of Statistics in Marketing.
250 _a2nd Ed.
260 _aLondon,
_bWilliam Heinemann LTD,
_c1978.
300 _axi, 257p.: ill.; figure
_bIndex
_c23cm
700 _aJARDINE, S. K. A. and MACFARLANE, D. J.
942 _2ddc
_cBKS
999 _c1063
_d1063